| 000 | 01398nam a2200253Ia 4500 | ||
|---|---|---|---|
| 999 |
_c52999 _d52999 |
||
| 001 | 20030 | ||
| 003 | GE_BSU | ||
| 005 | 20250414181457.0 | ||
| 008 | 181216s2013||||ge |||||||||||||| ||geo|| | ||
| 020 | _a9789941162930 | ||
| 040 | _cGE_BSU | ||
| 041 | _ageo | ||
| 080 | _a821.353.1.09 ნ–63 | ||
| 100 |
_aნიკოლეიშვილი, ავთანდილ _9296 |
||
| 245 |
_aქართული ლიტერატურა : [ქართველ მწერალთა ცხოვრება და შემოქმედება] : _bტ. 4, მეოცე საუკუნე, ნაწ. 2 / _cავთანდილ ნიკოლეიშვილი ; რედაქტორი ბეგო ბეჟუაშვილი. |
||
| 264 |
_aთბილისი : _bსაქართველოს მაცნე, _c[2013]. |
||
| 300 |
_a478 გვ. _c25 სმ. |
||
| 500 | _aგარეკანზე ავტორი აღნიშნული არ არის | ||
| 541 | _h20ლ. | ||
| 653 | _aქართველი მწერლების შემოქმედება | ||
| 653 | _aძველი ქართული ლიტერატურის ისტორია და კრიტიკა | ||
| 700 |
_aბეჟუაშვილი, ბეგო _eრედაქტორი _919787 |
||
| 942 |
_cBK _2udc |
||